000 00523nam a2200193Ia 4500
008 141014s9999||||xx |||||||||||||| ||und||
010 _a16473
020 _a9978-22-501-3
040 _aANE
041 _aEs
082 _a341 P792s Ejm.1
100 _aPonce Leiva, Javier
245 _aSeguridad de Ecuador del 11 de Septiembre al plan Patriota
_cJavier Ponce Leiva
250 _a1ra Ed
260 _aFLACSO Quito, Ecuador
_c2005
300 _a221 p.
_c22 cm.
650 _aLa seguridad
942 _cBK
_2ddc
_zcjc
999 _c16623
_d16623